| 000 | 00430nam a2200145Ia 4500 | ||
|---|---|---|---|
| 008 | 230524s9999 xx 000 0 und d | ||
| 020 | _a8176060704 | ||
| 100 |
_aBjornsen Pirandello _936684 |
||
| 245 | 0 | _aSelected Stories by Nobel Prize Winners | |
| 260 | _bProjapoti | ||
| 500 | _aQuantity Number: 1 | ||
| 650 |
_aPersonality Development _936685 |
||
| 700 |
_a Lagerlof Maeterlinck and Deledda Hauptmann _936686 |
||
| 942 | _cBK | ||
| 999 |
_c50703 _d50703 |
||